000 01063nam a22003377a 4500
001 BR0305182
003 BR-BrBNA
005 20230928101425.0
007 ta
008 230509b bl.||||| |||| 00| 0 por d
040 _aBR-BrBNA
_bpor
_cBiblioteca Nacional de Agricultura
041 _a(Por)
072 _aE50
090 _ E50 BR0305182
100 1 _aOliveira, C.G. de S.
100 1 _aMoura, J.C. de(eds.)
110 1 _aFundação de Estudos Agrários Luiz de Queiroz, Piracicaba, SP (Brasil)
111 1 _a4. Congresso Brasileiro de Turismo Rural
_cPiracicaba, SP (Brazil)
_d2003
245 1 _aO turismo como vetor do desenvolvimento rural sustentável
260 3 _aPiracicaba, SP (Brasil):
_c2003.
300 _a557 p.
500 _aSeveral bibliography; Summaries (Eng, Por)
650 _aTURISMO
650 _aDESENVOLVIMENTO RURAL
650 _aINDÚSTRIA CASEIRA
650 _aARTESANATO
650 _aPLANEJAMENTO REGIONAL
650 _aDESENVOLVIMENTO SÓCIO-ECONÔMICO
909 _a202309
_bLucia
_c55
_dLucia Elande
942 _cBK
999 _c65759
_d65759